00964nam a2200289 a 4500001000200000003000900002005001700011008002900028020001800057040002200075082002300097111004600120245009900166260003800265300002100303490001200324500007300336504002800409586005900437650002500496650002700521650005300548700002300601700002400624700002000648710000600668 DO-SdBNP20210719111050.0170202s2014 dr 000 0 spa d a9789945590036 aBPMSUbspacBPMSU aRD864.5bP925b2222 aPremios FUNGLODd(2013 :cSanto Domingo )10aBrevísimo tópicos para la historia chiquita y otros ensayos /cPedro Carreras... [et al.]. aSanto Domingo :bFUNGLODE,c2014. a264 p. ;c23 cm.0 aPremios aIncluye referencias bibliográficas y notas al pie de las páginas aBibliografía : p. 265 aPremios FUNGLODE DE Ensayo Pedro Francisco Bonó 2013 4aEnsayos dominicanos  4aLiteratura dominicana  4aCertámenes literarios zRepública Dominicana1 aAnzellotti, Marlon1 aSoldevilla, Enrique1 aGalán, Bismar a